01269nam a22003017a 4500003000400000005001700004008004100021040002200062082001800084100002500102245003000127260006000157300002100217366000800238490002600246505006800272505011100340505012700451505001200578650005500590650004700645650004800692650004300740650004500783650005600828650004700884700003600931OSt20230621083904.0221006b |||||||| |||| 00| 0 eng d cBiblioteca Lado V a709.05bG851a aGriffin, Timeeditor aArtforum/bInternacional/ aNew Yorkc2001bNew York editorial and business offices c26.5x27cma190p. espa aMayov2001x0864-1315 tCOLUMNSaFirst Break Books Film Hotlist Slant News TopTen tPREVIEWaRegional Exhibitions US Shorts Travel Brief From the Vault World Report International Shorts tFEATURESgThe Mirror of Fashion Portfolio A Thousand Words King of the Hills City of Angels Working Weekend Openings tReviews 2Tesauro de Arte & ArquitecturaaARTE COMTEMPORANEO 2Tesauro de Arte & ArquitecturaaFOTOGRAFIA 2Tesauro de Arte & ArquitecturaaARTE VISUAL 2Tesauro de Arte & ArquitecturaaLIBROS 2Tesauro de Arte & ArquitecturaaNOTICIAS 2 Tesauro de Arte & ArquitecturaaARTE INTERNACIONAL 2 Tesauro de Arte & ArquitecturaaESCULTURA aNavarreta, Jose Antonioeeditor